Taylor Swift - Chansons de Midnights par durée - Statistiques

Statistiques générales
  • Ce quiz a été pris 46 fois
    42 depuis la dernière actualisation
  • Le résultat moyen est 15 sur 20
Statistiques - réponses
Durée Réponse % Correct
4:16 min Snow on the Beach ft. Lana Del Rey / Snow on the Beach ft. More Lana Del Rey
87%
4:07 min Labyrinth
83%
3:22 min Lavender Haze
83%
3:38 min Maroon / Bigger Than the Whole Sky
83%
3:20 min Anti-Hero
78%
2:28 min Glitch
78%
3:24 min Karma / Karma feat. Ice Spice
78%
4:38 min You're Losing Me
78%
3:14 min You're on Your Own, Kid / Bejeweled
78%
3:16 min Paris
74%
4:20 min Would've, Could've, Should've
74%
3:30 min Question...?
70%
4:00 min The Great War
70%
2:44 min Vigilante Shit
70%
3:45 min Dear Reader
65%
3:51 min High Infidelity
65%
3:54 min Hits Different
65%
3:11 min Mastermind
65%
2:54 min Midnight Rain
65%
3:08 min Sweet Nothing
65%
Aucun quiz correspondant
Distribution des résultats
% des personnes avec chaque résultat
Percentile par nombre de réponses
Votre historique - résultats
Vous n’avez pas pris ce quiz depuis la dernière actualisation